000 00649cam a2200169 4500
001 ABS61134
008 000000n1999 000 0 eng u
035 _a(Sirsi) u101699
100 _aLee-Wright, M.
245 _aAssessing outline applications.
260 _c1999
490 _aProperty Week
_v64(31) 6 August 1999, 36-37(2)
520 _aConsiders DETR Circular 2/99 "Environmental Impact Assessment" offering guidance on the implementation of the Environmental Assessment Regulations 1999 in the context of outline planning applications.
650 _aENVIRONMENTAL IMPACT ASSESSMENTS
690 _aPLANNING LAW AND PRACTICE
942 _n0
999 _c60824
_d60824